01266 2200313 4500001002100000005001500021035002000036007000300056008004100059020002200100082001000122084001900132100001800151245015800169250002900327300002500356650005200381700002600433504002800459520029500487264003200782336002100814337003000835338002300865990001600888990001600904990001600920990001600936INLIS00000000004304720220118025932 a0010-0821000258ta220118 g 0 ind  a978-623-7910-80-0 a959.8 aSR 959.8 MAR g0 aMardiyono, P.1 aGenealogi kerajaan islam di jawa :bmenelusuri jejak keruntuhan kerajaan hindu & berdirinya kerajaan islam di jawa /cP. Mardiyono; penyunting, Adi Putra aCetakan I, Februari 2021 a280 halaman ;c21 cm 4aIndonesia -- Sejarah -- Kerajaan-kerajaan Islam0 aAdi Putraepenyunting aBibliografi halaman 271 aBuku ini menyajikan sejarah kerajaan-kerajaan di Jawa dari masa Hindu-Buddha hingga peralihan ke masa Islam. Titik fokus yang diangkat dalam tulisan ini adalah bagaimana terjadinya transformasi politik dan religius dari kerajaan-kerajaan Hindu-Buddha menuju kerajaan-kerajaan Islam di Jawa. aYogyakarta :bAraska,c2021 2rdacontentateks 2rdamediaatanpa perantara 2rdacarrieravolume a47716.60536 a48849.61669 a49020.61840 a49028.61848